Most Populated Islands - Statistics

General Stats
  • This quiz has been taken 239 times
    200 since last reset
  • The average score is 26 of 50
Answer Stats
Population Island % Correct
66,397,821 Great Britain
98%
147,795,436 Java
94%
6,894,291 Ireland
93%
28,479,665 Madagascar
90%
11,318,747 Cuba
89%
21,919,000 Sri Lanka
89%
58,880,000 Sumatra
89%
23,865,820 Taiwan
87%
23,720,000 Borneo
86%
104,000,000 Honshu
86%
3,896,200 Te Ika-a-Māui / North Island
82%
22,278,000 Hispaniola
80%
5,383,579 Hokkaidō
80%
2,950,210 Jamaica
78%
5,017,000 Sicily
78%
14,800,000 New Guinea
77%
64,260,312 Luzon
75%
1,659,000 Sardinia
71%
13,200,000 Kyūshū
65%
20,160,000 Sulawesi
64%
5,882,440 Singapore
63%
4,317,404 Bali
61%
7,838,822 Long Island
61%
10,081,232 Hainan
58%
1,619,090 Manhattan
57%
27,021,036 Mindanao
53%
3,815,000 Shikoku
51%
3,182,693 Timor
50%
1,253,417 Hong Kong
49%
1,267,145 Trinidad
47%
1,301,000 Okinawa
46%
3,474,182 Puerto Rico
46%
2,287,740 Zealand
44%
4,311,040 Cebu
39%
2,014,221 Montreal
33%
4,656,945 Negros
25%
1,831,000 Flores
23%
4,542,926 Panay
19%
15,111,974 Salsette
17%
2,040,000 Xiamen
17%
2,626,970 Leyte
16%
3,311,044 Lombok
16%
1,331,473 Mindoro
15%
1,751,267 Samar
11%
1,391,340 Sumbawa
11%
4,004,564 Madura
6%
2,890,000 Zhongshan
6%
1,381,459 Sao Luis
5%
1,758,000 Bhola
2%
1,558,663 Huizhou
0%
No matching quizzes found
Score Distribution
Percent of People with Each Score
Percentile by Number Answered
Your Score History
You have not taken this quiz since the last reset